000 00409 a2200169 4500
001 194937
020 _a978-85-8171-200-0
040 _cMagnum
100 _aLIDIANE, Medeiros
240 1 0 _aPreservando o Meio Ambiente: para crianças
_lpor
245 1 0 _aPreservando o Meio Ambiente: para crianças
300 _a40
362 0 _a2018
440 1 _aSEDUC
697 _aLITERATURA INFANTIL
942 _cBK
999 _c194937
_d194937